Every Song by Supertramp - Statistics

General Stats
  • This quiz has been taken 19 times
  • The average score is 24 of 103
Answer Stats
Album Song % Correct
Breakfast in America(1979) Breakfast in America
94%
Breakfast in America(1979) The Logical Song
94%
Crime of the Century(1974) Crime of the Century
76%
Breakfast in America(1979) Goodbye Stranger
65%
Breakfast in America(1979) Child of Vision
59%
Even in the Quietest Moments...(1977) Even in the Quietest Moments
59%
Even in the Quietest Moments...(1977) Give a Little Bit
59%
Crime of the Century(1974) School
59%
Breakfast in America(1979) Take the Long Way Home
59%
Crime of the Century(1974) Bloody Well Right
53%
Brother Where You Bound(1985) Brother Where You Bound
53%
Crime of the Century(1974) Dreamer
53%
Even in the Quietest Moments...(1977) Fool's Overture
53%
Free as a Bird(1987) Free as a Bird
53%
Breakfast in America(1979) Gone Hollywood
53%
Crime of the Century(1974) Rudy
53%
Some Things Never Change(1997) Some Things Never Change
53%
Breakfast in America(1979) Casual Conversations
47%
...famous last words...(1982) It's Raining Again
47%
Crime of the Century(1974) Asylum
41%
Even in the Quietest Moments...(1977) Babaji
41%
Even in the Quietest Moments...(1977) Downstream
41%
Even in the Quietest Moments...(1977) Lover Boy
41%
Slow Motion(2002) Slow Motion
41%
...famous last words...(1982) Don't Leave Me Now
35%
Even in the Quietest Moments...(1977) From Now On
35%
Breakfast in America(1979) Lord Is It Mine
35%
Breakfast in America(1979) Oh Darling
35%
Crisis? What Crisis?(1975) Another Man's Woman
29%
Crisis? What Crisis?(1975) A Soapbox Opera
29%
Brother Where You Bound(1985) Cannonball
29%
...famous last words...(1982) Crazy
29%
Crisis? What Crisis?(1975) Easy Does It
29%
Crime of the Century(1974) Hide in Your Shell
29%
Breakfast in America(1979) Just Another Nervous Wreck
29%
Crisis? What Crisis?(1975) Two of Us
29%
Crisis? What Crisis?(1975) Ain't Nobody but Me
24%
...famous last words...(1982) Bonnie
24%
...famous last words...(1982) C'est le bon
24%
Crime of the Century(1974) If Everyone Was Listening
24%
Crisis? What Crisis?(1975) Just a Normal Day
24%
...famous last words...(1982) My Kind of Lady
24%
Crisis? What Crisis?(1975) Sister Moonshine
24%
Crisis? What Crisis?(1975) The Meaning
24%
...famous last words...(1982) Know Who You Are
18%
Crisis? What Crisis?(1975) Lady
18%
Crisis? What Crisis?(1975) Poor Boy
18%
...famous last words...(1982) Put On Your Old Brown Shoes
18%
Brother Where You Bound(1985) Still in Love
18%
...famous last words...(1982) Waiting So Long
18%
Indelibly Stamped(1971) Aries
12%
Brother Where You Bound(1985) Better Days
12%
Slow Motion(2002) Broken Hearted
12%
Brother Where You Bound(1985) Ever Open Door
12%
Slow Motion(2002) Goldrush
12%
Slow Motion(2002) Little By Little
12%
Brother Where You Bound(1985) No Inbetween
12%
Slow Motion(2002) Over You
12%
Supertramp(1970) Surely
12%
Slow Motion(2002) Tenth Avenue Breakdown
12%
Free as a Bird(1987) Where I Stand
12%
Supertramp(1970) Words Unspoken
12%
Indelibly Stamped(1971) Your Poppa Don't Mind
12%
Free as a Bird(1987) An Awful Thing to Waste
6%
Some Things Never Change(1997) And the Light
6%
Slow Motion(2002) A Sting in the Tail
6%
Supertramp(1970) Aubade / And I Am Not Like Other Birds of Prey
6%
Slow Motion(2002) Bee in Your Bonnet
6%
Some Things Never Change(1997) C'est What?
6%
Indelibly Stamped(1971) Coming Home to See You
6%
Slow Motion(2002) Dead Man's Blues
6%
Indelibly Stamped(1971) Forever
6%
Indelibly Stamped(1971) Friend in Need
6%
Some Things Never Change(1997) Get Your Act Together
6%
Some Things Never Change(1997) Give Me a Chance
6%
Some Things Never Change(1997) Help Me Down That Road
6%
Supertramp(1970) Home Again
6%
Free as a Bird(1987) I'm Beggin' You
6%
Free as a Bird(1987) It Doesn't Matter
6%
Some Things Never Change(1997) It's a Hard World
6%
Supertramp(1970) It's a Long Road
6%
Free as a Bird(1987) It's Alright
6%
Retrospectacle – The Supertramp Anthology(2005) Land Ho
6%
Some Things Never Change(1997) Listen to Me Please
6%
Some Things Never Change(1997) Live to Love You
6%
Supertramp(1970) Maybe I'm a Beggar
6%
Supertramp(1970) Nothing to Show
6%
Free as a Bird(1987) Not the Moment
6%
Indelibly Stamped(1971) Potter
6%
Indelibly Stamped(1971) Remember
6%
Indelibly Stamped(1971) Rosie Had Everything Planned
6%
Supertramp(1970) Shadow Song
6%
Some Things Never Change(1997) Sooner or Later
6%
Retrospectacle – The Supertramp Anthology(2005) Summer Romance
6%
Free as a Bird(1987) Thing for You
6%
Indelibly Stamped(1971) Times Have Changed
6%
Indelibly Stamped(1971) Travelled
6%
Supertramp(1970) Try Again
6%
Some Things Never Change(1997) Where There's a Will
6%
Free as a Bird(1987) You Never Can Tell with Friends
6%
Retrospectacle – The Supertramp Anthology(2005) You Started Laughing
6%
Some Things Never Change(1997) You Win, I Lose
6%
No matching quizzes found
Score Distribution
Percent of People with Each Score
Percentile by Number Answered
Your Score History
You have not taken this quiz